Wszystkie przystanki tramwajowe linii numer 21 we Wrocławiu - Statystyki

Ogólne statystyki
  • Ten quiz został rozwiązany 14 razy
  • Średni wynik to 16 z 26
Statystyki odpowiedzi
Hint Odpowiedź % Poprawnych
12 Młodych Techników
82%
1 Tarczyński Arena ( Królewiecka )
82%
16 Arkady Capitol
73%
17 Dworzec Autobusowy
73%
26 Gaj
73%
13 pl. Jana Pawła II
73%
22 Bardzka
64%
19 Gajowa
64%
3 Górnicza
64%
18 Joannitów
64%
6 Kolista
64%
7 Kwiska
64%
8 Małopanewska
64%
4 Modra
64%
9 Niedźwiedzia
64%
15 pl. Legionów
64%
11 pl. Strzegomski
64%
25 Świeradowska
64%
21 Kamienna
55%
14 pl. Orląt Lwowskich
55%
20 Prudnicka
55%
2 Dworska
45%
5 Pilczycka ( Anima )
45%
10 Wrocław Mikołajów ( Zachodnia )
45%
23 Krynicka
36%
24 Morwowa
36%
Nie znaleziono quizów pasujących do podanych kryteriów
Rozkład punktacji
Procent ludzi z każdym wynikiem
Percentyl według liczby udzielonych odpowiedzi
Twoja historia wyników
Nie rozwiązałeś tego quizu